Les sentiers de l'enfer : (Record no. 13044)

MARC details
000 -LEADER
campo de control de longitud fija 00762cam a2200277Ia 4500
001 - NÚMERO DE CONTROL
campo de control 41304
005 - FECHA Y HORA DE LA ÚLTIMA TRANSACCIÓN
campo de control 20230410101731.0
008 - DATOS DE LONGITUD FIJA--INFORMACIÓN GENERAL
campo de control de longitud fija 900503s1990 fr 000 1 fre
010 ## - NÚMERO DE CONTROL DE LA BIBLIOTECA DEL CONGRESO
Número de control de LC 90151580
035 ## - NÚMERO DE CONTROL DEL SISTEMA
Número de control de sistema (OCoLC)ocm21975631
040 ## - FUENTE DE CATALOGACIÓN
Centro catalogador/agencia de origen DLC
Centro/agencia transcriptor DLC
Centro/agencia modificador RRR
-- OCL
019 ## -
-- 21978883
020 ## - NÚMERO INTERNACIONAL ESTÁNDAR DEL LIBRO
Número Internacional Estándar del Libro 2738405789
020 ## - NÚMERO INTERNACIONAL ESTÁNDAR DEL LIBRO
Número Internacional Estándar del Libro 9782738405784
035 ## - NÚMERO DE CONTROL DEL SISTEMA
Número de control de sistema (OCoLC)21975631
Número de control cancelado/no válido (OCoLC)21978883
050 14 - SIGNATURA TOPOGRÁFICA DE LA BIBLIOTECA DEL CONGRESO
Número de clasificación 110 PQ 3949.2
Número de ítem L322s 1990
082 00 - NÚMERO DE LA CLASIFICACIÓN DECIMAL DEWEY
Número de clasificación 843.914
100 1# - ENTRADA PRINCIPAL--NOMBRE DE PERSONA
Nombre de persona Large, Josaphat,
Fechas asociadas al nombre 1942-
245 14 - MENCIÓN DEL TÍTULO
Título Les sentiers de l'enfer :
Resto del título roman /
Mención de responsabilidad, etc. Josaphat Large.
260 ## - PUBLICACIÓN, DISTRIBUCIÓN, ETC.
Lugar de publicación, distribución, etc. Paris :
Nombre del editor, distribuidor, etc. Editions L'Harmattan,
Fecha de publicación, distribución, etc. c1990.
300 ## - DESCRIPCIÓN FÍSICA
Extensión 123 p. ;
Dimensiones 22 cm.
650 #4 - PUNTO DE ACCESO ADICIONAL DE MATERIA--TÉRMINO DE MATERIA
Término de materia o nombre geográfico como elemento de entrada CEH
650 #4 - PUNTO DE ACCESO ADICIONAL DE MATERIA--TÉRMINO DE MATERIA
Término de materia o nombre geográfico como elemento de entrada Coleccion Estudios Haitianos
942 ## - ELEMENTOS DE ENTRADA SECUNDARIOS (KOHA)
Fuente del sistema de clasificación o colocación Clasificación de Library of Congress
Tipo de ítem Koha
994 ## -
-- C0
-- DRFGD
Holdings
Estatus retirado Estado de pérdida Fuente del sistema de clasificación o colocación Estado de daño No para préstamo Colección Biblioteca de origen Biblioteca actual Ubicación en estantería Fecha de adquisición Serial enumeration / chronology Signatura topográfica completa Código de barras Visto por última vez Copia número Tipo de ítem Koha
    Clasificación de Library of Congress     Recursos Regionales Biblioteca Juan Bosch Biblioteca Juan Bosch Recursos Regionales (2do. Piso) 10/04/2023 1 110 PQ 3949.2 L322s 1990 00000042324 23/10/2018 1